|
|
|
|
| LEADER |
00858nam a2200253 a 4500 |
| 001 |
00004438 |
| 003 |
BD-DhAAL |
| 005 |
20231219114139.0 |
| 008 |
110722s1990 nau d 000 0 eng d |
| 020 |
|
|
|a 1855340399
|
| 040 |
|
|
|a DLC
|c DLC
|c BD-DhAAL
|
| 082 |
0 |
0 |
|a 423
|2 20
|
| 245 |
0 |
0 |
|a Webster's new dictionary and thesaurus.
|
| 250 |
|
|
|a Concise edition.
|
| 260 |
|
|
|a New York :
|b Geddes & Grosset,
|c c1990.
|
| 300 |
|
|
|a 1024 pages ;
|c 27 cm.
|
| 541 |
1 |
|
|e 00004438
|
| 650 |
|
0 |
|a English language
|x Dictionaries.
|
| 650 |
|
0 |
|a English language
|x Synonyms and antonyms.
|
| 740 |
0 |
|
|a Webster's dictionary and thesaurus.
|
| 852 |
4 |
|
|a Ayesha Abed Library
|c General shelf
|
| 942 |
|
|
|2 ddc
|c BK
|
| 999 |
|
|
|c 11162
|d 11162
|
| 952 |
|
|
|0 0
|1 0
|2 ddc
|4 0
|6 423_WEB
|7 0
|9 17713
|a BRACUL
|b BRACUL
|c REF
|d 2011-08-02
|g 2158.00
|l 0
|o 423 WEB
|p 3010004438
|r 2011-08-02
|t 1
|w 2011-08-02
|y BK
|x Available
|